Taking Sides. (Record no. 6793)

MARC details
000 -LEADER
fixed length control field 02507cam a2200385 4500
001 - CONTROL NUMBER
control field 7906
008 - FIXED-LENGTH DATA ELEMENTS--GENERAL INFORMATION
fixed length control field 050121s2005 iaua b 001 0 eng d
020 ## - INTERNATIONAL STANDARD BOOK NUMBER
International Standard Book Number 0073102024
International Standard Book Number 9780073102023
082 #4 - DEWEY DECIMAL CLASSIFICATION NUMBER
Classification number 306.7
100 ## - MAIN ENTRY--PERSONAL NAME
Personal name Endicott, Kirk M.
Numeration
Titles and words associated with a name
Dates associated with a name
Relator term editor
Fuller form of name
245 00 - TITLE STATEMENT
Title Taking Sides.
Name of part/section of a work Clashing Views On Controversial Issues in Anthropology /
Statement of responsibility, etc. selected, edited, and with introductions by Kirk M. Endicott and Robert L. Welsch
246 30 - VARYING FORM OF TITLE
Title proper/short title Clashing Views On Controversial Issues in Anthropology
250 ## - EDITION STATEMENT
Edition statement Third edition
264 #1 - PRODUCTION, PUBLICATION, DISTRIBUTION, MANUFACTURE, AND COPYRIGHT NOTICE
Place of production, publication, distribution, manufacture Dubuque, IA :
Name of producer, publisher, distributor, manufacturer McGraw-Hill/Dushkin,
Date of production, publication, distribution, manufacture, or copyright notice [2005]
300 ## - PHYSICAL DESCRIPTION
Extent xxvi, 400 pages :
Other physical details illustrations ;
Dimensions 24 cm
336 ## - CONTENT TYPE
Content type term text
Content type code txt
Source rdacontent
337 ## - MEDIA TYPE
Media type term unmediated
Media type code n
Source rdamedia
338 ## - CARRIER TYPE
Carrier type term volume
Carrier type code nc
Source rdacarrier
504 ## - BIBLIOGRAPHY, ETC. NOTE
Bibliography, etc. note Includes bibliographical references and index
505 0# - FORMATTED CONTENTS NOTE
Formatted contents note Is race a useful concept for anthropologists? -- Are humans inherently violent? -- Did Neanderthals interbreed with modern humans? -- Did people first arrive in the new world after the last ice age? -- Was there a goddess cult in prehistoric Europe? -- Did prehistoric Native Americans practice cannibalism in the American Southwest? -- Can apes learn language? -- Does language determine how we think? -- Should cultural anthropology model itself on the natural sciences? -- Was Margaret Mead's fieldwork on Samoan adolescents fundamentally flawed? -- Do native peoples today invent their traditions? -- Is it natural for adopted children to want to find out about their birth parents? -- Are San hunter-gatherers basically pastoralists who have lost their herds? -- Do some illnesses exist only among members of a particular culture? -- Is ethnic conflict inevitable? -- Should the remains of prehistoric Native Americans be reburied rather than studied? -- Did Napoleon Chagnon's research methods and publications harm the Yanomami Indians? -- Do museums misrepresent ethnic communities around the world?
546 ## - LANGUAGE NOTE
Language note Text in English
650 #0 - SUBJECT ADDED ENTRY--TOPICAL TERM
Topical term or geographic name entry element Anthropological ethics
Topical term or geographic name entry element Anthropology
Topical term or geographic name entry element Anthropologie
Topical term or geographic name entry element Anthropologie
General subdivision Aspect moral
Topical term or geographic name entry element Anthropologie physique
Topical term or geographic name entry element Arch�ologie
Topical term or geographic name entry element Ethnologie
Topical term or geographic name entry element Controversen.
Source of heading or term
Topical term or geographic name entry element Culturele antropologie.
Source of heading or term
700 1# - ADDED ENTRY--PERSONAL NAME
Personal name Endicott, Kirk M.,
Relator term compiler,
-- editor,
-- writer of introduction
Personal name Welsch, Robert Louis,
Dates associated with a name 1950-
Relator term compiler,
-- editor,
-- writer of introduction
Holdings
Withdrawn status Lost status Source of classification or shelving scheme Damaged status Not for loan Collection code Home library Current library Shelving location Date acquired Serial Enumeration / chronology Inventory number Total Checkouts Full call number Barcode Date last seen Price effective from Koha item type
    Dewey Decimal Classification     Main TEST RTC Library RTC Library Main opac 27/11/2018 11931   306.7 END 30011854 27/11/2018 27/11/2018 Main
Royal Thimphu College || All Right Reserved